000 00491pab a2200181 454500
008 180718b2008 xxu||||| |||| 00| 0 eng d
100 _aVajja, Anju
245 _aCan the world bank building social capital? The experience of social funds in Malawi and Zambia
260 _c2008
300 _ap.1145-168.
362 _aSep
650 _aWorld Bank
650 _aSocial capital
700 _aWhite, Howard
773 _aJournal of Development Studies
908 _aN
909 _a80081
999 _c80081
_d80081